Aktuálne otázky bezpečnosti práce. New Trends in Safety and Health : XXI. ročník medzinárodnej vedeckej konferencie. Štrbské Pleso, 3.-5.novembra 2008

Guardado en:
Detalles Bibliográficos
Formato: Libro
Lenguaje:eslovaco
checo
inglés
Publicado: 2008
Materias:
Etiquetas: Agregar Etiqueta
Sin Etiquetas, Sea el primero en etiquetar este registro!

MARC

LEADER 00000nam a22000003a 4500
001 stu177363
005 20141123070215.5
008 081217s2008------------------------slo-d
020 |a 978-80-553-0100-6 
040 |a STU  |b slo 
041 0 |a slo  |a cze  |a eng 
080 |a 331.823 
080 |a (063) 
245 |a Aktuálne otázky bezpečnosti práce. New Trends in Safety and Health :  |b XXI. ročník medzinárodnej vedeckej konferencie. Štrbské Pleso, 3.-5.novembra 2008 
260 |c 2008 
300 |a 1 CD-ROM 
650 7 |a bezpečnosť práce  |2 stusub 
996 |b 284M069482  |c M*CD-1401  |l MMKN  |s A  |a 24  |w stu177363_0001